Antonia va al río (Registro nro. 13270)

000 -CABECERA
campo de control de longitud fija 01274nam a2200349 i 4500
003 - IDENTIFICADOR DEL NÚMERO DE CONTROL
campo de control OSt
005 - FECHA Y HORA DE LA ÚLTIMA TRANSACCIÓN
campo de control 20210413134838.0
007 - CAMPO FIJO DE DESCRIPCIÓN FÍSICA--INFORMACIÓN GENERAL
campo de control de longitud fija ta
008 - DATOS DE LONGITUD FIJA--INFORMACIÓN GENERAL
campo de control de longitud fija 201201b2020 ck a|||br|||| 00| 1 spa d
020 ## - NÚMERO INTERNACIONAL ESTÁNDAR DEL LIBRO
Número Internacional Estándar del Libro 9789585300538
040 ## - FUENTE DE LA CATALOGACIÓN
Centro catalogador/agencia de origen CO-BoRNBP
Lengua de catalogación spa
Normas de descripción rda
Centro/agencia transcriptor CO-BoRNBP
041 1# - CÓDIGO DE LENGUA
Código de lengua del texto/banda sonora o título independiente spa
084 ## - OTRO NÚMERO DE CLASIFICACIÓN
Número de clasificación A DIP1
100 1# - ENTRADA PRINCIPAL--NOMBRE DE PERSONA
Nombre de persona Dipacho
Fechas asociadas al nombre 1984-
Término indicativo de función/relación autor
9 (RLIN) 10185
245 10 - MENCIÓN DE TÍTULO
Título Antonia va al río
Mención de responsabilidad, etc. Dipacho
250 ## - MENCIÓN DE EDICIÓN
Mención de edición Edición especial
264 #1 - PRODUCCIÓN, PUBLICACIÓN, DISTRIBUCIÓN, FABRICACIÓN Y COPYRIGHT
Producción, publicación, distribución, fabricación y copyright Bogotá
Nombre del de productor, editor, distribuidor, fabricante Cataplum Libros
Fecha de producción, publicación, distribución, fabricación o copyright 2020
300 ## - DESCRIPCIÓN FÍSICA
Extensión 36 páginas sin numerar
Otras características físicas ilustraciones
Dimensiones 23 cm
336 ## - TIPO DE CONTENIDO
Fuente rdacontent
Término de tipo de contenido texto
Código de tipo de contenido txt
337 ## - TIPO DE MEDIO
Fuente rdamedia
Nombre/término del tipo de medio sin mediación
Código del tipo de medio n
338 ## - TIPO DE SOPORTE
Fuente rdacarrier
Nombre/término del tipo de soporte volumen
Código del tipo de soporte nc
490 0# - MENCIÓN DE SERIE
Mención de serie Plan Nacional de Lectura y Escritura Leer es mi Cuento / Ministerio de Cultura
500 ## - NOTA GENERAL
Nota general Dipacho es el seudónimo de Diego Francisco Sánchez<br/>
521 ## - NOTA DE PÚBLICO DESTINATARIO
Nota de público destinatario Recomendado para un público infantil mayor de 6 años
650 17 - PUNTO DE ACCESO ADICIONAL DE MATERIA--TÉRMINO DE MATERIA
Fuente del encabezamiento o término LEMB
Término de materia o nombre geográfico como elemento de entrada Álbumes infantiles colombianos
Subdivisión cronológica Siglo XX
9 (RLIN) 502
650 17 - PUNTO DE ACCESO ADICIONAL DE MATERIA--TÉRMINO DE MATERIA
Fuente del encabezamiento o término LEMB
Término de materia o nombre geográfico como elemento de entrada Literatura colombiana
Subdivisión cronológica Siglo XX
9 (RLIN) 161536
650 17 - PUNTO DE ACCESO ADICIONAL DE MATERIA--TÉRMINO DE MATERIA
Fuente del encabezamiento o término LEMB
Término de materia o nombre geográfico como elemento de entrada Autores colombianos
Subdivisión cronológica Siglo XX
9 (RLIN) 3714
650 17 - PUNTO DE ACCESO ADICIONAL DE MATERIA--TÉRMINO DE MATERIA
Fuente del encabezamiento o término LEMB
Término de materia o nombre geográfico como elemento de entrada Desplazados por la violencia
Subdivisión de forma Álbum
9 (RLIN) 161537
650 17 - PUNTO DE ACCESO ADICIONAL DE MATERIA--TÉRMINO DE MATERIA
Fuente del encabezamiento o término LEMB
Término de materia o nombre geográfico como elemento de entrada Emigración e inmigración
Subdivisión de forma Álbum
9 (RLIN) 134937
650 17 - PUNTO DE ACCESO ADICIONAL DE MATERIA--TÉRMINO DE MATERIA
Fuente del encabezamiento o término LEMB
Término de materia o nombre geográfico como elemento de entrada Viajes
Subdivisión de forma Álbum
9 (RLIN) 147325
942 ## - ELEMENTOS DE PUNTO DE ACCESO ADICIONAL (KOHA)
Fuente del sistema de clasificación o colocación
Tipo de ítem Koha Libro Literatura
Existencias
Estado de retiro Estado de pérdida Fuente del sistema de clasificación o colocación Estado dañado No para préstamo Código de colección Localización permanente Ubicación/localización actual Fecha de adquisición Fuente de adquisición Número de inventario Total de préstamos Signatura topográfica completa Código de barras Fecha visto por última vez Fecha del último préstamo Número de copia Precio válido a partir de Tipo de ítem Koha Nota pública
          Literatura Infantil Biblioteca Pública San Juan Bosco Biblioteca Pública San Juan Bosco 13/04/2021 Dotación BNAL 2020 NT 1 A DIP1 MOS500873 27/08/2022 20/08/2022 Ej. 1 13/04/2021 Libro Literatura Quince días

© Todos los derechos reservados para la Biblioteca Pública Municipal San Juan Bosco, 2020
Secretaria de Cultura de Mosquera
Carrera 3 N° 10 Esquina Centro Cultural Barrio El Carmén Teléfono: 8270830 Ext: 34
Funcionando con KOHA
Contacto: Biblioteca Pública Municipal San Juan Bosco/ bibliotecasanjuanbosco@mosquera-cundinamarca.gov.co
Mosquera, Cundinamarca